000 01741cam a22004334a 4500
999 _c79380
_d316657
001 15598108
003 OSt
005 20210304165253.0
008 090122s2021 paua bf 001 0 eng
010 _a 2009002847
020 _a9780702051517
035 _a(OCoLC)ocn300396883
040 _aDNLM/DLC
_cDLC
_dYDX
_dBTCTA
_dYDXCP
_dNLM
_dDLC
042 _apcc
050 0 0 _aRM701
_b.B45 2010
060 0 0 _a2009 I-809
060 1 0 _aWB 39
_bB4266t 2010
082 0 0 _a615.82
_222
_bWTE
100 1 _aWatson, Tim
_988198
245 1 0 _aElectrophysical agents :
_bevidence-Based practice /
_cTim Watson, Ethne L. Nussbaum
250 _a3rd ed.
260 _aPhiladelphia :
_bElsevier,
_c2021.
300 _axx, 422 p. :
_bill. ;
_c26 cm.
500 _aRev ed. of: Evidence-based guide to therapeutic physical agents, c2002.
504 _aIncludes bibliographical references and index.
650 0 _aPhysical therapy
_vHandbooks, manuals, etc.
_988199
650 0 _aMedicine, Physical
_vHandbooks, manuals, etc.
_938218
650 1 2 _aTherapeutics
_vHandbooks.
_988200
650 1 2 _aTherapeutics
_vOutlines.
_938219
650 2 2 _aEvidence-Based Medicine
_vHandbooks.
_988201
650 2 2 _aEvidence-Based Medicine
_vOutlines.
_938220
650 2 2 _aPhysical Medicine
_vHandbooks.
_938221
650 2 2 _aPhysical Medicine
_vOutlines.
_938222
856 4 2 _3Publisher description
_uhttp://www.loc.gov/catdir/enhancements/fy0905/2009002847-d.html
856 4 1 _3Table of contents only
_uhttp://www.loc.gov/catdir/enhancements/fy1012/2009002847-t.html
906 _a7
_bcbc
_corignew
_d1
_eecip
_f20
_gy-gencatlg
942 _2ddc
_cBOOK